| 000 | 01007cam a2200301 i 4500 | ||
|---|---|---|---|
| 003 | DO-SdBNP | ||
| 005 | 20240301180540.0 | ||
| 007 | ta | ||
| 008 | 751003s2017 sp 001 f spa d | ||
| 020 | _a9788491053521 | ||
| 040 |
_aDO-SdBNP _bspa _cBNPHU _erda |
||
| 082 | 4 |
_bM392 _222 |
|
| 100 | 1 |
_aMarx, Karl, _d1818-1883 _930439 |
|
| 245 | 1 | 0 |
_aLlamando a las puertas de la revolución : _bantología / _cKarl Marx ; edición Constantino Bértolo |
| 264 | 1 |
_aMadrid, España : _bPenguin Clásicos, _c2017. |
|
| 264 | 1 | _c2017 1ra. reimpresión | |
| 300 |
_a923 páginas _c19 cm. |
||
| 336 |
_2rdacontent _atexto _btxt |
||
| 337 |
_2rdamedia _asin mediación _bn |
||
| 338 |
_2rdacarrier _avolumen _bnc |
||
| 500 | _aIncluye datos biografícos del autor y editor en la página 4. | ||
| 500 | _aIncluye índice onomástico. | ||
| 504 | _aBibliografía p: 893-916 | ||
| 590 | _aInventariado, 2023/ YL | ||
| 700 | 1 |
_aBértolo, Constantino _eedición _949983 |
|
| 910 | _aYlockward | ||
| 942 |
_2ddc _cLBS1 |
||
| 999 |
_c55162 _d55162 |
||